Vulnerable Vice Chancellor: (Record no. 206006)
[ view plain ]
| 000 -LEADER | |
|---|---|
| fixed length control field | 00578nam a2200193 4500 |
| 005 - DATE AND TIME OF LATEST TRANSACTION | |
| control field | 20240930114835.0 |
| 010 ## - LCCN (DPL NO) | |
| LC control number | ENG-141828 |
| 020 ## - INTERNATIONAL STANDARD BOOK NUMBER | |
| International Standard Book Number | 9789390951369 |
| Terms of availability | 699.00 |
| 035 ## - SYSTEM CONTROL NUMBER | |
| System control number | EN-125360 |
| 037 ## - SOURCE OF ACQUISITION | |
| Source of stock number/acquisition | DBAD/PUB |
| 082 ## - DEWEY DECIMAL CLASSIFICATION NUMBER | |
| Classification number | 305.5688 |
| 100 ## - MAIN ENTRY--PERSONAL NAME | |
| Personal name | Satya Prakesh |
| 245 ## - TITLE STATEMENT | |
| Title | Vulnerable Vice Chancellor: |
| Statement of responsibility, etc | SATYA PRAKESH |
| 260 ## - PUBLICATION, DISTRIBUTION, ETC. (IMPRINT) | |
| Place of publication, distribution, etc | nodia |
| Name of publisher, distributor, etc | Allied publishers PVT. LTD |
| Date of publication, distribution, etc | 2023 |
| 270 ## - ADDRESS | |
| Address | D-5,SECTOR-2, Nodia. |
| City | nodia |
| Postal code | 201301 |
| Electronic mail address | delhi.books@alliedpublishers.com |
| 300 ## - PHYSICAL DESCRIPTION | |
| Extent | 306p |
| Dimensions | 25cm(hb) |
| 700 ## - ADDED ENTRY--PERSONAL NAME | |
| 9 (RLIN) | 72163 |
| 942 ## - ADDED ENTRY ELEMENTS (KOHA) | |
| Source of classification or shelving scheme | Dewey Decimal Classification |
| Item type | English Books |
| Classification part | 305.5688 |
| Call number suffix | SAT |
| Withdrawn status | Lost status | Not for loan | Collection code | Home library | Current library | Date acquired | Source of acquisition | Cost, normal purchase price | Full call number | Barcode | Copy number | Cost, replacement price | Koha item type |
|---|---|---|---|---|---|---|---|---|---|---|---|---|---|
| Not For Loan | Non-fiction | D.B.Act.Division | D.B.Act.Division | 30/09/2024 | DBAD | 699.00 | 305.5688 SAT | EN-125360 | 1 | 699.00 | English Books |
